NCAA D1 Women's Rowing Teams - Statistics

General Stats
  • This quiz has been taken 23 times
  • The average score is 13 of 22
Answer Stats
Place League Answer % Correct
13 Ivy Harvard
95%
6 Ivy Princeton
95%
1 Pac-12 Stanford
95%
2 Ivy Yale
95%
T-9 Pac-12 California
80%
11 Big 10 Michigan
80%
3 SEC Texas
80%
4 Pac-12 Washington
80%
7 Ivy Brown
70%
T-16 Ivy Dartmouth
70%
T-16 Ivy Penn
60%
5 SEC Tennessee
55%
T-9 ACC Virginia
55%
8 Big 10 Rutgers
50%
12 ACC Syracuse
50%
20 Patriot Boston University
40%
14 Big 10 Indiana
40%
18 Pac-12 Oregon State
35%
15 Big 12 UCF
30%
19 Colonial Northeastern
20%
21 Atlantic 10 Rhode Island
20%
22 Metro Atlantic Fairfield
5%
No matching quizzes found
Score Distribution
Percent of People with Each Score
Percentile by Number Answered
Your Score History
You have not taken this quiz